000 00424cam a2200181ua 4500
001 4069
008 111219n ii |||gr||||Z||||||eng
040 _cMAIN
082 _a954.162
100 _aGait, Edward,
245 1 1 _aHistory of assam
_cby Edward Gait
250 _a6th.
260 _aDelhi:
_bSurjeet publications,
_c2011.
300 _a427p:
_c23cm.
653 _aHistory
653 _aHistory of assam
942 _cBK
999 _c3891
_d3891